| 000 | 00489nam a2200205 a 4500 | ||
|---|---|---|---|
| 001 | 3296 | ||
| 003 | CO-ViMGA | ||
| 008 | 141112s2004 ck r 000 u spa d | ||
| 040 |
_aCO-ViMGA _bspa _cCO-ViMGA |
||
| 082 | 0 | 4 | _a752 M392c |
| 245 | 1 | 0 |
_aMezcla de colores : _bacuarela |
| 250 | _a2a | ||
| 260 |
_aBarcelona : _bParramón, _c1996 |
||
| 300 | _a95 p : il | ||
| 490 | _aManuales parramón | ||
| 650 | 1 | 4 | _aACUARELA |
| 650 | 1 | 4 |
_aCOLOR _952838 |
| 650 | 1 | 4 | _aPINTURA |
| 942 |
_2ddc _cBK |
||
| 999 |
_c15346 _d15346 |
||